| 000 -ლიდერი |
| ფიქსირებული სიგრძის საკონტროლო ველი |
01655nam a22002897a 4500 |
| 003 - საკონტროლო ნომრის იდენტიფიკატორი |
| საკონტროლო ველი |
Ge_BSU |
| 005 - ბოლო ოპერაციის თარიღი და დრო |
| საკონტროლო ველი |
20230629111308.0 |
| 008 - ფიქსირებული სიგრძის მონაცემთა ელემენტები - ზოგადი ინფორმაცია |
| ფიქსირებული სიგრძის საკონტროლო ველი |
230629s2016 ge ||||| |||| 00| 0 geo d |
| 020 ## - წიგნის საერთაშორისო სტანდარტული ნომერი |
| International Standard Book Number |
9789941085703 |
| 041 ## - ენის კოდი |
| Language code of text/sound track or separate title |
geo |
| 080 ## - უნივერსალური ათობითი კლასიფიკაციის ინდექსი |
| Universal Decimal Classification number |
27-726.1(479.22) ა-66 |
| 245 ## - ცნობა სათაურის შესახებ |
| Title |
ანთიმოზ ივერიელი - ქართულ-ევროპული დიალოგი : |
| Remainder of title |
მონოგრაფია / |
| Statement of responsibility, etc |
ი. ბრაჭული, ა. ზაქარიაძე, ვ. რამიშვილი [და სხვ.]; რედაქტორი ლევან მათეშვილი. |
| 264 ## - წარმოების, გამოცემის, დისტრიბუციის და სხვა ცნობები |
| გამოცემის, წარმოების, დისტრიბუციის... ადგილი |
თბილისი, |
| გამოცემის, წარმოების, დისტრიბუციის... თარიღი |
2016. |
| 300 ## - ფიზიკური აღწერა |
| Extent |
232 გვ. : |
| Other physical details |
ილ. ; |
| Dimensions |
20 სმ. |
| 500 ## - ზოგადი შენიშვნა |
| General note |
თავფურ. და რეზიუმე ინგლ. ენაზე. |
| 504 ## - BIBLIOGRAPHY, ETC. NOTE |
| Bibliography, etc |
ბიბლიოგრ. ტექსტის შენიშვნებში |
| 653 ## - INDEX TERM--UNCONTROLLED |
| Uncontrolled term |
ანთიმოზ ივერიელი, 1650-1716 |
| 653 ## - INDEX TERM--UNCONTROLLED |
| Uncontrolled term |
ქართველი სასულიერო პირთა ცხოვრება |
| 653 ## - INDEX TERM--UNCONTROLLED |
| Uncontrolled term |
ანთიმოზ ივერიელი |
| 700 ## - ADDED ENTRY--PERSONAL NAME |
| Personal name |
ბრაჭული, ი. |
| Relator term |
ავტორი. |
| 9 (RLIN) |
12145 |
| 700 ## - ADDED ENTRY--PERSONAL NAME |
| Personal name |
ზაქარიაძე, ა. |
| Relator term |
ავტორი. |
| 9 (RLIN) |
19061 |
| 700 ## - ADDED ENTRY--PERSONAL NAME |
| Personal name |
რამიშვილი, ვ., |
| Relator term |
ავტორი. |
| 9 (RLIN) |
19062 |
| 700 ## - ADDED ENTRY--PERSONAL NAME |
| Personal name |
ქშუტაშვილი, ა. |
| Relator term |
ავტორი |
| 9 (RLIN) |
19063 |
| 700 ## - ADDED ENTRY--PERSONAL NAME |
| Personal name |
ჯალაღონია, დ. |
| Relator term |
ავტორი |
| 9 (RLIN) |
19064 |
| 700 ## - ADDED ENTRY--PERSONAL NAME |
| Personal name |
მათეშვილი, ლევან |
| Relator term |
რედაქტორი. |
| 9 (RLIN) |
4411 |
| 942 ## - ADDED ENTRY ELEMENTS (KOHA) |
| Source of classification or shelving scheme |
|
| Koha item type |
წიგნი |